000
00255nam a2200097Ia 4500
001
711348
005
20250826162806.0
008
250824s9999 xx 000 0 und d
245
0
_a
IŞIK AVCISI -AĞAÇTAN GELEN ÇOCUK
_c
ALİ SAÇIKARA
260
_b
ATLIKARINCA
999
_c
711348
_d
711348